Statistics for 99 Names of Allah (Al Asma Ul Husna)

Click here to take the quiz!

General Stats

  • This quiz has been taken 151 times
  • The average score is 23 of 99

Answer Stats

Answer% Correct
AR-RAHMAAN
98%
AL-MALIK
93%
AR-RAHEEM
88%
AL-QUDDUS
69%
AS-SALAM
67%
AL-MU’MIN
57%
AL-MUHAYMIN
55%
AL-JABBAR
50%
AL-BAARI’
48%
AL-MUTAKABBIR
48%
AL-AZEEZ
45%
AL-‘ALEE
40%
AL-MUSAWWIR
40%
AL-KHAALIQ
38%
AL-WAHHAAB
38%
AL-GHAFFAR
36%
AL-BASEER
33%
AL-FATTAAH
33%
AL-GHAFOOR
33%
AL-QAABID
33%
AL-QAHHAR
33%
AR-RAZZAAQ
33%
AS-SAMEE’
33%
AL-‘ADL
31%
AL-HAKAM
31%
AR-RAAFI’
31%
AL-‘ALEEM
29%
AL-HAKEEM
29%
AL-BAASIT
26%
AL-HALEEM
26%
AL-KAREEM
26%
AL-AAKHIR
24%
AL-AWWAL
24%
AL-LATEEF
24%
AN-NUR
24%
AL-KHAAFIDH
21%
AL-KHABEER
21%
AL-MU’IZZ
21%
AL-WAAHID
21%
AL-BARR
19%
AL-HAADI
19%
AL-MUZIL
19%
AL-WAALI
19%
ASH-SHAKOOR
19%
AL-AHAD
17%
AL-HAQQ
17%
AL-KABEER
17%
AL-MANI’
17%
AL-MU’AKHKHIR
17%
AL-MUJEEB
17%
AL-MUQADDIM
17%
AL-MUQEET
17%
AL-WAKEEL
17%
AS-SAMAD
17%
DHUL-JALAALI WAL-IKRAAM
17%
MAALIK-UL-MULK
17%
AD-DHARR
14%
AL-‘ATHEEM
14%
AL-HAFEEDH
14%
AL-HAMEED
14%
AL-MAAJID
14%
AL-MAJEED
14%
AN-NAFI’
14%
AR-RASHEED
14%
ASH-SHAHEED
14%
AS-SABOOR
14%
AL-BADEE’
12%
AL-GHANIYY
12%
AL-HASEEB
12%
AL-HAYY
12%
AL-MUBDI
12%
AL-MUGHNI
12%
AL-MUHSEE
12%
AL-MU’ID
12%
AL-MUMEET
12%
AL-MUQTADIR
12%
AL-QADIR
12%
AL-WAASI’
12%
AL-WALIYY
12%
AT-TAWWAB
12%
AL-‘AFUWW
10%
AL-BAAQI
10%
AL-BAATIN
10%
AL-BA’ITH
10%
AL-JAAMI’
10%
AL-JALEEL
10%
AL-MUHYEE
10%
AL-MUNTAQIM
10%
AL-MUQSIT
10%
AL-MUTA’ALI
10%
AL-QAWIYY
10%
AL-QAYYOOM
10%
AL-WAARITH
10%
AL-WADOOD
10%
AR-RAQEEB
10%
AL-MATEEN
7%
AL-WAAJID
7%
AR-RA’OOF
7%
AZ-DHAAHIR
7%

Score Distribution

Percentile by Number Answered

Percent of People with Each Score

Your Score History

You have not taken this quiz